NCLEX -RN : QUESTION - ANSWERS MEDE INCRDIBLI EASY (Record no. 1993)

MARC details
000 -LEADER
fixed length control field 00344nam a2200133Ia 4500
008 - FIXED-LENGTH DATA ELEMENTS--GENERAL INFORMATION
fixed length control field 150201s2000 xx 000 0 und d
082 ## - DEWEY DECIMAL CLASSIFICATION NUMBER
Classification number 610
Item number N2000G
100 ## - MAIN ENTRY--PERSONAL NAME
Personal name GRANT , ANN B.
245 ## - TITLE STATEMENT
Title NCLEX -RN : QUESTION - ANSWERS MEDE INCRDIBLI EASY
260 ## - PUBLICATION, DISTRIBUTION, ETC. (IMPRINT)
Name of publisher, distributor, etc. SPRUNGHOUSE
Place of publication, distribution, etc. DELHI
Date of publication, distribution, etc. 2000
300 ## - PHYSICAL DESCRIPTION
Extent 790
650 ## - SUBJECT ADDED ENTRY--TOPICAL TERM
Topical term or geographic name as entry element NURSING
942 ## - ADDED ENTRY ELEMENTS (KOHA)
Source of classification or shelving scheme Dewey Decimal Classification
Koha item type Books
Koha issues (borrowed), all copies 1
Holdings
Withdrawn status Lost status Source of classification or shelving scheme Damaged status Not for loan Collection code Home library Current library Shelving location Date acquired Source of acquisition Cost, normal purchase price SGTU Bill Number Total Checkouts Full call number Barcode Date last seen Date last checked out Bill Date Koha item type
    Dewey Decimal Classification     NURSING SGT Medical Library SGT Medical Library Text Book 19/04/2012 UBS DELHI 750.00 SGTU 46 1 610 N2000G FN537 04/09/2023 21/08/2023 19/04/2012 Books